ნორმალური ფორმატი
MARC ფორმატი
ჩანაწერი Corporate Name
ჩანაწერთა რაოდენობა, რომელიც გამოყენებულია: 2
001 - CONTROL NUMBER
- control field: 5237
003 - CONTROL NUMBER IDENTIFIER
- control field: GE_BSU
005 - DATE AND TIME OF LATEST TRANSACTION
- control field: 20191104115736.0
008 - FIXED-LENGTH DATA ELEMENTS
- fixed length control field: 191104|| aca||aabn | a|a d
040 ## - CATALOGING SOURCE
- Original cataloging agency: GE_BSU
- Transcribing agency: GE_BSU
110 ## - HEADING--CORPORATE NAME
- Corporate name or jurisdiction name as entry element: Batumi Shota Rustaveli State Univ.
- Subordinate unit: Faculty of Educat. a. Sciences, Pedagogic Science depart.
670 ## - SOURCE DATA FOUND
- Source citation: Work cat.: (GE_BSU): Diasamidze, A. (Asmat) 5235, Strategies of modern school management :
